000 00677nam a2200205 i 4500
001 89491
003 ES-MaACL
005 20230906180204.0
007 t|
008 050111s1973 sp ||||1| spa d
100 1 _aLanza Alvarez, Francisco.
_970121
245 1 0 _aRibadeo antiguo /
_cF. Lanza Alvarez ; prólogo de Antonio Villar Ponte ; ornamentación en boj y dibujos de A. Suárez Couto.
250 _a1ª ed.
260 _aMadrid :
_b[s.n.,
_c1973]
300 _aXX, 354 p., 11 lám. :
_bil. ;
_c17 cm.
651 4 _aRibadeo-
_xHistoria.
_9157650
700 1 _aVillar Ponte, Antonio.
_9115100
700 1 _aSuárez Couto, Amando.
_9148187
852 _aES-MaACL
_jC-53582
999 _c89491
_d89491